Washington Wizards NBA Champions - Statistics

General Stats
  • This quiz has been taken 63 times
  • The average score is 3 of 11
Answer Stats
Titles Player % Correct
1 Wes Unseld
95%
1 Elvin Hayes
79%
1 Charles Johnson
38%
1 Bob Dandridge
26%
1 Phil Walker
9%
1 Kevin Grevey
7%
1 Mitch Kupchak
5%
1 Greg Ballard
3%
1 Joe Pace
3%
1 Larry Wright
3%
1 Tom Henderson
3%
No matching quizzes found
Score Distribution
Percent of People with Each Score
Percentile by Number Answered
Your Score History
You have not taken this quiz